01742 2200193 4500001002100000005001500021035002000036008004100056245005700097100002600154250000600180260003100186300001200217084001300229082000800242650001400250520127200264990001201536INLIS00000000000128020240712100723 a0010-0524000515240712 0 ind 1 a100 Ciri Orang Berbakat Kaya /cHoney Miftahuljannah aMiftahuljannah, Honey a1 aJakarta :bGramedia,c2015 a281 hlm a00 HON c a000 4aNon Fiksi aSiapa yang tidak ingin sukses dan hidup berkecukupan? Proses untuk menjadi seorang yang sukses tentu tidak mudah, ada serangkaian jalan yang harus dilewati bersama dengan rintangan di dalamnya. Perjalanan itulah yang kemudian akan membentuk karakter seseorang hingga bisa belajar, berkembang, dan beradaptasi untuk mencapai kesuksesannya. Ada beberapa tanda atau ciri yang sebenarnya bisa dikenali apakah seseorang memiliki bakat untuk menjadi sukses dan kaya. Kreatif dan inovatif, mahir melihat peluang, pintar menilai karakter orang, menganggap teman adalah kekayaan, memiliki jaringan yang luas, tidak takut gagal, sentiasa bahagia, mengerjakan pekerjaan atau profesinya sesuai dengan passion, dan berani mencoba sesuatu yang baru. Namun masih banyak hal lain yang termasuk pada ciri yang dimiliki oleh mereka yang berbakat untuk menjadi kaya. Setiap orang sebenarnya bisa menjadi sukses dan kaya asal mempunyai mimpi yang tinggi, tekad yang kuat, dan upaya yang seimbang. Ciri-ciri orang berbakat kaya dalam buku ini dapat dijadikan referensi dan refleksi diri bagi siapapun yang sedang bermimpi untuk menjadi kaya. Harapannya pembaca bisa termotivasi dan terinspirasi untuk segera meraih impiannya. Karena, aksi tanpa aksi tentu saja tak akan pernah terwujud. a0744152